[Event "Politiken Cup 2011"]
[Site "Helsingor"]
[Date "2011.08.05"]
[Round "8.150"]
[White "Sønderskov, Lissi"]
[Black "Wadtland, Flemming"]
[Result "1-0"]
[WhiteElo "1099"]
[BlackElo "1605"]
[PlyCount "47"]
[EventDate "2011.??.??"]
[WhiteTeam "Allerød"]
[BlackTeam "Taastrup"]

1. d4 Nf6 2. Nf3 g6 3. e3 d5 4. Bd3 Bg7 5. Nbd2 b6 6. b3 O-O 7. Bb2 c5 8. Ne5
Qc7 9. O-O Nc6 10. f4 cxd4 11. exd4 h5 12. Qe1 Nxe5 13. fxe5 Ng4 14. Nf3 Bh6
15. Bc1 Bxc1 16. Qxc1 Kg7 17. h3 Nh6 18. Nh4 Be6 19. Qg5 Rh8 20. Nxg6 Nf5 21.
Nh4+ Kf8 22. Nxf5 Ke8 23. Bb5+ Bd7 24. Qxe7# 1-0

[Event "Politiken Cup 2011"]
[Site "Helsingor"]
[Date "2011.08.05"]
[Round "8.31"]
[White "Jensen, Torben Brieghel"]
[Black "Haukenes, Alise"]
[Result "0-1"]
[WhiteElo "1098"]
[BlackElo "1595"]
[PlyCount "44"]
[EventDate "2011.??.??"]
[WhiteTeam "Hillerød"]
[BlackTeam "Hamar"]

1. Nf3 Nf6 2. d3 e6 3. e4 Be7 4. e5 Nd5 5. d4 d6 6. Bd3 Nc6 7. O-O dxe5 8. dxe5
g5 9. Bb5 Bd7 10. Bxc6 Bxc6 11. c4 Nb4 12. Qxd8+ Rxd8 13. Nbd2 Nd3 14. a3 g4
15. Rd1 gxf3 16. g3 Nxe5 17. b3 b5 18. Bb2 f6 19. cxb5 Bxb5 20. Bxe5 fxe5 21.
Nxf3 Rxd1+ 22. Rxd1 Be2 0-1

[Event "Politiken Cup 2011"]
[Site "Helsingor"]
[Date "2011.08.05"]
[Round "8.143"]
[White "Jensen, Jonbert M S"]
[Black "Løndalen, Sindre"]
[Result "1-0"]
[WhiteElo "1595"]
[BlackElo "1000"]
[PlyCount "43"]
[EventDate "2011.??.??"]
[WhiteTeam "AS04"]
[BlackTeam "Sevland"]

1. e4 e5 2. Nf3 Nc6 3. Bc4 Bc5 4. O-O h6 5. a3 d6 6. b4 Bb6 7. Bb2 Nf6 8. d3 d5
9. exd5 Nxd5 10. Nxe5 Qf6 11. Bxd5 Nxe5 12. Bxe5 Qg5 13. d4 O-O 14. c4 c5 15.
bxc5 Bxc5 16. f4 Qe7 17. dxc5 Qxc5+ 18. Bd4 Qc7 19. Qd3 Be6 20. Qg3 g6 21. Bxe6
Qd6 22. Qxg6# 1-0

[Event "Politiken Cup 2011"]
[Site "Helsingor"]
[Date "2011.08.05"]
[Round "8.32"]
[White "Savio, Niklas"]
[Black "Jacobsen, Caroline Beer"]
[Result "0-1"]
[WhiteElo "1040"]
[BlackElo "1586"]
[PlyCount "24"]
[EventDate "2011.??.??"]
[WhiteTeam "Caissa"]
[BlackTeam "Stavanger"]

1. c4 e5 2. g3 Nf6 3. Bg2 d5 4. cxd5 Nxd5 5. e4 Nb4 6. Bf1 Nd3+ 7. Bxd3 Qxd3 8.
Nc3 Nc6 9. Qe2 Qd8 10. a3 Nd4 11. Qd1 Be6 12. Qa4+ c6 0-1

[Event "Politiken Cup 2011"]
[Site "Helsingor"]
[Date "2011.08.05"]
[Round "8.146"]
[White "Dyrhaug, Sverre S"]
[Black "Meldal, Peter"]
[Result "1-0"]
[WhiteElo "1019"]
[BlackElo "1526"]
[PlyCount "99"]
[EventDate "2011.??.??"]
[WhiteTeam "Stavanger"]
[BlackTeam "Taastrup"]

1. e4 e6 2. d4 d5 3. e5 c5 4. c3 Nc6 5. Nf3 Qb6 6. a3 cxd4 7. cxd4 Nge7 8. Bd3
Ng6 9. O-O Be7 10. b4 a6 11. Bb2 O-O 12. Nbd2 Bd7 13. Nb3 Na7 14. Nc5 Bxc5 15.
dxc5 Qc7 16. Rc1 Rac8 17. Re1 a5 18. Bxg6 fxg6 19. Nd4 axb4 20. axb4 Nc6 21.
Nb5 Qd8 22. Nd6 Rc7 23. b5 Qh4 24. g3 Qb4 25. bxc6 Bxc6 26. Qd4 Qb3 27. Re3 Qa4
28. Qxa4 Bxa4 29. Ra1 Bc6 30. f4 h6 31. h4 Kh7 32. Rea3 Rd7 33. Bd4 Rdd8 34.
Ra7 Rb8 35. Rb1 Ra8 36. Rxa8 Rxa8 37. Nxb7 Rb8 38. Rb6 Bxb7 39. Rxe6 Rc8 40.
Re7 Ba8 41. e6 Rg8 42. Rf7 Bc6 43. e7 Be8 44. Rf8 Kh8 45. Kf2 Kh7 46. Kf3 h5
47. Ke3 Kh8 48. Bc3 Kh7 49. Kd4 Kh8 50. Kxd5 1-0

[Event "Politiken Cup 2011"]
[Site "Helsingor"]
[Date "2011.08.05"]
[Round "8.147"]
[White "Andreassen, Espen"]
[Black "Kyrkjebo, Hanna B"]
[Result "0-1"]
[WhiteElo "1000"]
[BlackElo "1518"]
[PlyCount "78"]
[EventDate "2011.??.??"]
[WhiteTeam "Sevland"]
[BlackTeam "Stavanger"]

1. e4 e5 2. Nf3 Nc6 3. d4 exd4 4. Bc4 Nf6 5. O-O d6 6. Re1 Bg4 7. h3 Bxf3 8.
Qxf3 Ne5 9. Qb3 Be7 10. f4 Nxc4 11. Qxc4 c5 12. e5 dxe5 13. Rxe5 O-O 14. Qe2
Bd6 15. Rg5 Re8 16. Qf2 Ne4 17. Qh4 Nxg5 18. fxg5 Qe7 19. Bd2 Qe2 20. Na3 Qxd2
21. Nc4 Qxc2 22. Nxd6 Re2 23. Qg3 Qxb2 24. Rf1 Rf8 25. Nxf7 Rxg2+ 26. Qxg2
Qxg2+ 27. Kxg2 Rxf7 28. Rc1 b6 29. a4 Rd7 30. Kf3 Kf7 31. Ke2 Ke6 32. Kd3 Kd5
33. Rf1 Re7 34. Rf3 Re3+ 35. Rxe3 dxe3 36. Kxe3 Kc4 37. Kd2 Kb3 38. Kc1 c4 39.
Kd2 Kb2 0-1

[Event "Politiken Cup 2011"]
[Site "Helsingor"]
[Date "2011.08.05"]
[Round "8.151"]
[White "Andreassen, Jonas"]
[Black "Svane, Troels"]
[Result "0-1"]
[WhiteElo "1000"]
[BlackElo "1500"]
[PlyCount "56"]
[EventDate "2011.??.??"]
[WhiteTeam "Sevland"]
[BlackTeam "Lubecker Schachverein"]

1. e4 d6 2. d4 Nf6 3. Nc3 g6 4. f4 Bg7 5. Nf3 O-O 6. Be3 Nbd7 7. Qd2 c5 8. d5
Qa5 9. a3 Ng4 10. Bd4 Bxd4 11. Nxd4 cxd4 12. Qxd4 Qb6 13. Qxb6 Nxb6 14. O-O-O
Nf2 15. Bd3 Nxh1 16. Rxh1 Bg4 17. h3 Bd7 18. f5 Rac8 19. g4 Nc4 20. h4 Ne5 21.
h5 Nxd3+ 22. cxd3 gxh5 23. Rxh5 f6 24. g5 fxg5 25. Rxg5+ Kh8 26. Kd2 Rg8 27.
Rh5 Rg2+ 28. Ke3 Rcg8 0-1

[Event "Politiken Cup 2011"]
[Site "Helsingor"]
[Date "2011.08.05"]
[Round "8.148"]
[White "Svane, Kristian"]
[Black "Edvardsson, Hannu K"]
[Result "0-1"]
[WhiteElo "1000"]
[BlackElo "1482"]
[PlyCount "76"]
[EventDate "2011.??.??"]
[WhiteTeam "Lübecker Schackverein"]

1. f4 e6 2. Nf3 Be7 3. g3 Nf6 4. Bg2 O-O 5. O-O Nc6 6. d3 d6 7. e4 Bd7 8. Nc3
h6 9. Be3 a6 10. Qe2 Rb8 11. a4 a5 12. Nb5 Ra8 13. c3 b6 14. e5 dxe5 15. fxe5
Nh7 16. d4 Rb8 17. Nd2 Bg5 18. Bxg5 Nxg5 19. h4 Nh7 20. Bf3 Ne7 21. g4 Bxb5 22.
Qxb5 Nd5 23. Qd3 Qxh4 24. Ne4 Nf4 25. Qd2 Nh3+ 26. Kg2 N7g5 27. Nxg5 Qxg5 28.
Qxg5 Nxg5 29. b3 Nxf3 30. Kxf3 f6 31. Ke4 c6 32. Rad1 Rf7 33. Rd3 Rbf8 34. Rfd1
f5+ 35. gxf5 Rxf5 36. c4 Rf4+ 37. Ke3 Rf3+ 38. Ke4 R8f4# 0-1

[Event "Politiken Cup 2011"]
[Site "Helsingor"]
[Date "2011.08.05"]
[Round "8.152"]
[White "Hviid, Hans Henrik"]
[Black "Svane, Freja"]
[Result "1-0"]
[WhiteElo "1319"]
[BlackElo "1000"]
[PlyCount "39"]
[EventDate "2011.??.??"]
[WhiteTeam "Hillerød"]
[BlackTeam "Lübecker Schackverein"]

1. f4 g6 2. Nf3 Nf6 3. g3 Bg7 4. Bg2 O-O 5. O-O d6 6. d3 Nbd7 7. e4 e5 8. c3
Qe7 9. b3 b6 10. fxe5 Nxe5 11. Nxe5 Qxe5 12. d4 Qe7 13. e5 dxe5 14. Bxa8 Ng4
15. Bf3 Nf6 16. Re1 Nd7 17. Bc6 Nb8 18. d5 e4 19. Ba3 Qe5 20. Bxf8 1-0

[Event "Politiken Cup 2011"]
[Site "Helsingor"]
[Date "2011.08.05"]
[Round "8.149"]
[White "Jorgensen, Jens A. L"]
[Black "Brobakken, Jørgen"]
[Result "1-0"]
[WhiteElo "1264"]
[BlackElo "1000"]
[PlyCount "53"]
[EventDate "2011.??.??"]
[WhiteTeam "Viby"]
[BlackTeam "Hamar"]

1. e4 e6 2. Nf3 d5 3. exd5 exd5 4. d4 Nf6 5. c4 c6 6. Nc3 Be6 7. c5 Be7 8. Bd3
O-O 9. O-O Nbd7 10. b4 b6 11. Rb1 bxc5 12. bxc5 Qa5 13. Qc2 Qc7 14. Be3 Bg4 15.
Be2 Bxf3 16. Bxf3 Rab8 17. g3 Rxb1 18. Rxb1 Rb8 19. Bf4 Rxb1+ 20. Qxb1 Qa5 21.
Qc2 h6 22. Bd2 Qb4 23. Nxd5 Qxd4 24. Nxe7+ Kf8 25. Nxc6 Qxc5 26. Bb4 Qxb4 27.
Nxb4 1-0

[Event "Politiken Cup 2011"]
[Site "Helsingor"]
[Date "2011.08.05"]
[Round "8.153"]
[White "Thybo, Jan"]
[Black "Haukenes, Elias"]
[Result "1-0"]
[WhiteElo "1042"]
[BlackElo "1000"]
[PlyCount "47"]
[EventDate "2011.??.??"]
[WhiteTeam "Morsø"]
[BlackTeam "Hamar"]

1. e4 Nf6 2. Nc3 g6 3. d4 d6 4. Nf3 Bg7 5. Bg5 O-O 6. Bd3 Nc6 7. Qd2 e5 8. d5
Nb4 9. Bh6 Bxh6 10. Qxh6 Ng4 11. Qd2 c6 12. h3 Nf6 13. g4 b5 14. dxc6 Nxc6 15.
Bxb5 Bd7 16. g5 Nh5 17. O-O-O Nf4 18. Bxc6 Bxc6 19. Qxd6 Qb6 20. Qxe5 Ne6 21.
h4 Rfe8 22. Qg3 Rab8 23. b3 Qc5 24. Ne5 1-0

[Event "Politiken Cup 2011"]
[Site "Helsingor"]
[Date "2011.08.05"]
[Round "8.154"]
[White "Svane, Minna"]
[Black "Hjornevik, Oyvind"]
[Result "1/2-1/2"]
[WhiteElo "1000"]
[BlackElo "1000"]
[PlyCount "41"]
[EventDate "2011.??.??"]
[WhiteTeam "Lubecker Schachverein"]
[BlackTeam "Sandness"]

1. Nf3 d5 2. d3 Nc6 3. g3 e5 4. Bg2 Nf6 5. O-O Bc5 6. Qe1 O-O 7. Nbd2 Nb4 8.
Qd1 e4 9. Ne1 Bg4 10. Nb3 Bb6 11. d4 Nc6 12. Be3 Ne7 13. Bg5 Ng6 14. f3 Be6 15.
Qd2 h6 16. Bxf6 Qxf6 17. fxe4 Qd8 18. e3 Qd7 19. Nc5 Bxc5 20. dxc5 c6 21. Rd1
1/2-1/2